000 00919nas a2200301 4500
001 BR2011001976
003 BR-BrBNA
005 20231205114930.0
007 ta
008 230509b bl.|||p| |||| 00| 00por d
040 _aBR-BrBNA
_bpor
_cBiblioteca Nacional de Agricultura
041 _a(Pt)
072 _aL50; F60
100 1 _aRodrigues, J.A.G.
100 1 _aAraújo, I.W.F. de
100 1 _aPaula, G.A. de
100 1 _aBessa, E.F.
100 1 _aLima, T. de B.
100 1 _aBenevides, N.M.B.
245 1 _aIsolamento, fracionamento e atividade anticoagulante de iota-carragenanas da Solieria filiformis
650 _aBIOQUÍMICA
650 _aHEPARINA
650 _aALGA VERMELHA
650 _aCOMPOSIÇÃO QUÍMICA
773 0 _tCiência Rural (Brazil)
_xISSN 0103-8478
_g(Nov 2010), v. 40(11) p. 2310-2316
_wBR2011001976
909 _a202311
_bLúcia
_c55
_dLúcia Elande
942 _2AGRIS
_n0
_cANA
999 _c211295
_d211295